[Event "Tradewise Gibraltar AmatWk2"]
[Site "Gibraltar"]
[Date "2016.02.02"]
[Round "4.8"]
[White "Haisma, Henk"]
[Black "Lopez Valcarcel, Juan"]
[Result "1/2-1/2"]
[WhiteElo "1850"]
[BlackElo "1798"]
[PlyCount "28"]
[EventDate "2016.01.30"]
[EventType "swiss"]
[EventRounds "5"]
[EventCountry "GGB"]
[SourceTitle "BritBase"]
[Source "www.saund.co.uk"]
[SourceDate "2018.02.10"]
[SourceVersion "1"]
[SourceVersionDate "2018.02.10"]
[SourceQuality "1"]

1. b4 c6 2. Bb2 a5 3. a3 axb4 4. axb4 Rxa1 5. Bxa1 e6 6. e3 Nf6 7. b5 d5 8. Nf3
Be7 9. c4 O-O 10. Be2 dxc4 11. Bxc4 cxb5 12. Bxb5 Qa5 13. Qa4 Qxa4 14. Bxa4 Bd7
1/2-1/2

[Event "Tradewise Gibraltar AmatWk2"]
[Site "Gibraltar"]
[Date "2016.02.02"]
[Round "4.12"]
[White "Al-Hariri, Saad"]
[Black "Yarur Elsaca, Daniel"]
[Result "1-0"]
[WhiteElo "1814"]
[BlackElo "1559"]
[PlyCount "59"]
[EventDate "2016.01.30"]
[EventType "swiss"]
[EventRounds "5"]
[EventCountry "GGB"]
[SourceTitle "BritBase"]
[Source "www.saund.co.uk"]
[SourceDate "2018.02.10"]
[SourceVersion "1"]
[SourceVersionDate "2018.02.10"]
[SourceQuality "1"]

1. e4 c5 2. Nf3 Nc6 3. d4 cxd4 4. Nxd4 g6 5. Nc3 Bg7 6. Be3 Nf6 7. Nxc6 bxc6 8.
e5 Ng8 9. Bd4 c5 10. Bxc5 Bxe5 11. Qd5 Bxc3+ 12. bxc3 Rb8 13. Qe5 Nf6 14. Qxb8
O-O 15. Bd3 Qa5 16. Qb4 Qc7 17. O-O d6 18. Be3 Bb7 19. Rab1 Ba8 20. Qh4 Qc6 21.
f3 h5 22. Bd4 Ng4 23. Be4 d5 24. fxg4 dxe4 25. gxh5 e3 26. Qg3 e2 27. Rf2 Qe4
28. Re1 Qd5 29. hxg6 f6 30. Qh3 1-0

[Event "Tradewise Gibraltar AmatWk2"]
[Site "Gibraltar"]
[Date "2016.02.02"]
[Round "4.14"]
[White "Busch, Guenther"]
[Black "Lopez Diaz, Rafael"]
[Result "0-1"]
[WhiteElo "1561"]
[BlackElo "1854"]
[PlyCount "92"]
[EventDate "2016.01.30"]
[EventType "swiss"]
[EventRounds "5"]
[EventCountry "GGB"]
[SourceTitle "BritBase"]
[Source "www.saund.co.uk"]
[SourceDate "2018.02.10"]
[SourceVersion "1"]
[SourceVersionDate "2018.02.10"]
[SourceQuality "1"]

1. Nf3 Nf6 2. c4 c5 3. Nc3 Nc6 4. b3 g6 5. g3 d6 6. Bb2 Bg4 7. Bg2 Bg7 8. Rb1
O-O 9. a3 a6 10. O-O e6 11. Ne1 g5 12. Nc2 Bf5 13. d3 e5 14. Ne4 g4 15. Ne3 Be6
16. Nxf6+ Qxf6 17. Nd5 Qg6 18. Bc3 f5 19. Nc7 Kh8 20. Nxe6 Qxe6 21. e3 Qh6 22.
Qd2 f4 23. exf4 exf4 24. gxf4 Bxc3 25. Qxc3+ Nd4 26. Rbe1 Qg7 27. Qa1 Rf6 28.
Re3 Rg8 29. Kh1 Rxf4 30. Rfe1 Rxf2 31. Re8 Rgf8 32. Rxf8+ Qxf8 33. Rf1 Rxf1+
34. Qxf1 Qxf1+ 35. Bxf1 Nxb3 36. Kg2 Nd2 37. Be2 Nb1 38. Bxg4 Nxa3 39. Bc8 b5
40. cxb5 axb5 41. Be6 Nc2 42. Kf2 Nd4 43. Ba2 b4 44. Ke1 b3 45. Bb1 Kg7 46. h3
Kh6 0-1

[Event "Tradewise Gibraltar AmatWk2"]
[Site "Gibraltar"]
[Date "2016.02.02"]
[Round "4.15"]
[White "Lapsevskis, Roberts"]
[Black "Christophe-Hayot, Romain"]
[Result "1-0"]
[WhiteElo "1660"]
[BlackElo "1824"]
[PlyCount "91"]
[EventDate "2016.01.30"]
[EventType "swiss"]
[EventRounds "5"]
[EventCountry "GGB"]
[SourceTitle "BritBase"]
[Source "www.saund.co.uk"]
[SourceDate "2018.02.10"]
[SourceVersion "1"]
[SourceVersionDate "2018.02.10"]
[SourceQuality "1"]

1. e4 d5 2. exd5 Nf6 3. Nf3 Bg4 4. c4 e6 5. dxe6 fxe6 6. Be2 Bd6 7. d4 c6 8. h3
Bh5 9. Qb3 Qc8 10. Nc3 Nbd7 11. c5 Be7 12. Qxe6 Bf7 13. Qe3 Qd8 14. Ng5 Nd5 15.
Nxd5 Bxd5 16. Ne6 Qc8 17. Nxg7+ Kf7 18. Ne6 Nf6 19. Nf4 Re8 20. Nxd5 Bxc5 21.
Qf3 cxd5 22. dxc5 Qxc5 23. O-O Re5 24. Be3 Qe7 25. Rfe1 Re8 26. Bb5 Rg8 27. Kf1
a6 28. Ba4 Qb4 29. Bb3 Rge8 30. Rad1 Qb5+ 31. Kg1 Qd7 32. g4 h5 33. g5 Rf5 34.
Qg2 Rg8 35. Rd4 Qe6 36. Red1 Kf8 37. Bxd5 Nxd5 38. Rxd5 Rxd5 39. Qxd5 Qxh3 40.
Qd8+ Kf7 41. Rd7+ Qxd7 42. Qxd7+ Kg6 43. Qe6+ Kg7 44. Bd4+ Kf8 45. Qf6+ Ke8 46.
Bc5 1-0

[Event "Tradewise Gibraltar AmatWk2"]
[Site "Gibraltar"]
[Date "2016.02.02"]
[Round "4.16"]
[White "Murray, J Stephen"]
[Black "Kirkwood, Robin"]
[Result "1-0"]
[WhiteElo "1821"]
[BlackElo "1653"]
[PlyCount "25"]
[EventDate "2016.01.30"]
[EventType "swiss"]
[EventRounds "5"]
[EventCountry "GGB"]
[SourceTitle "BritBase"]
[Source "www.saund.co.uk"]
[SourceDate "2018.02.10"]
[SourceVersion "1"]
[SourceVersionDate "2018.02.10"]
[SourceQuality "1"]

1. e4 c6 2. d4 d5 3. exd5 cxd5 4. Bd3 g6 5. Nf3 Bg7 6. c3 Qc7 7. Bg5 Nf6 8.
Nbd2 O-O 9. O-O b6 10. Re1 Ba6 11. Bxa6 Nxa6 12. Qe2 Nb8 13. Qxe7 1-0

[Event "Tradewise Gibraltar AmatWk2"]
[Site "Gibraltar"]
[Date "2016.02.02"]
[Round "4.18"]
[White "Kearsley, Raymond J"]
[Black "Joachim, Rodny"]
[Result "0-1"]
[WhiteElo "1709"]
[BlackElo "1659"]
[PlyCount "38"]
[EventDate "2016.01.30"]
[EventType "swiss"]
[EventRounds "5"]
[EventCountry "GGB"]
[SourceTitle "BritBase"]
[Source "www.saund.co.uk"]
[SourceDate "2018.02.10"]
[SourceVersion "1"]
[SourceVersionDate "2018.02.10"]
[SourceQuality "1"]

1. e4 e5 2. Nf3 Nc6 3. c3 d5 4. Qa4 dxe4 5. Nxe5 Qd5 6. Nxc6 bxc6 7. Bc4 Qd6 8.
O-O Nf6 9. d3 Be7 10. Bf4 Qxf4 11. Qxc6+ Bd7 12. Qxa8+ Bd8 13. dxe4 O-O 14. f3
Qe3+ 15. Kh1 Qb6 16. Bd5 c6 17. Bxc6 Bxc6 18. Qc8 Bd7 19. Qa8 Bc7 0-1

[Event "Tradewise Gibraltar AmatWk2"]
[Site "Gibraltar"]
[Date "2016.02.02"]
[Round "4.19"]
[White "White, Gary"]
[Black "Zitan, Abdelhay"]
[Result "1-0"]
[WhiteElo "1690"]
[BlackElo "1635"]
[PlyCount "91"]
[EventDate "2016.01.30"]
[EventType "swiss"]
[EventRounds "5"]
[EventCountry "GGB"]
[SourceTitle "BritBase"]
[Source "www.saund.co.uk"]
[SourceDate "2018.02.10"]
[SourceVersion "1"]
[SourceVersionDate "2018.02.10"]
[SourceQuality "1"]

1. f4 e6 2. Nf3 d5 3. e3 Nf6 4. Be2 Be7 5. O-O O-O 6. d3 c5 7. Qe1 Nc6 8. Nbd2
Ng4 9. Bd1 f5 10. h3 Nf6 11. b3 a5 12. Bb2 b5 13. Ng5 h6 14. h4 Qe8 15. Rf3 Ng4
16. Rg3 h5 17. e4 Bxg5 18. fxg5 d4 19. exf5 exf5 20. Bf3 Bd7 21. a4 b4 22. Nc4
Qxe1+ 23. Rxe1 Rfe8 24. Kf1 Rxe1+ 25. Kxe1 Re8+ 26. Kd2 Kf8 27. Rh3 g6 28. Rh1
Ne3 29. Nb6 Ne5 30. Nxd7+ Nxd7 31. Kc1 Ne5 32. Kb1 Nxf3 33. gxf3 Ng2 34. Bc1
Re1 35. Rh2 Nf4 36. Kb2 Re2 37. Bxf4 Re6 38. Kc1 Ke7 39. Kd2 Kd7 40. Re2 Rc6
41. Re5 Rc8 42. Rd5+ Ke7 43. Bd6+ Ke6 44. Rxc5 Ra8 45. Bc7 Rc8 46. Re5+ 1-0

[Event "Tradewise Gibraltar AmatWk2"]
[Site "Gibraltar"]
[Date "2016.02.02"]
[Round "4.21"]
[White "Crouch, Timothy J"]
[Black "Boabaid, Jorge Alberto Duard"]
[Result "0-1"]
[WhiteElo "1541"]
[BlackElo "1895"]
[PlyCount "136"]
[EventDate "2016.01.30"]
[EventType "swiss"]
[EventRounds "5"]
[EventCountry "GGB"]
[SourceTitle "BritBase"]
[Source "www.saund.co.uk"]
[SourceDate "2018.02.10"]
[SourceVersion "1"]
[SourceVersionDate "2018.02.10"]
[SourceQuality "1"]

1. e4 c5 2. Nf3 Nc6 3. Nc3 d6 4. b3 Nf6 5. Bb2 Bg4 6. Be2 e6 7. h3 Bh5 8. d3 h6
9. Nh2 Bxe2 10. Nxe2 Be7 11. Nf3 Qc7 12. Ng3 O-O 13. O-O Nd7 14. Nh5 g6 15. Ng3
Bf6 16. c3 d5 17. exd5 exd5 18. Qd2 Bg7 19. Rfe1 Rae8 20. d4 b6 21. dxc5 Nxc5
22. Rxe8 Rxe8 23. Re1 Rxe1+ 24. Nxe1 Qd8 25. Nf3 Ne6 26. Ne2 Qd6 27. Kh1 Ne5
28. Nxe5 Qxe5 29. Nd4 Ng5 30. f3 Qg3 31. Ne2 Qf2 32. Bc1 Be5 33. Qe3 Qf1+ 34.
Ng1 Bg3 35. Qe8+ Kg7 36. Be3 Ne6 37. Qa4 Qe1 38. Bd4+ Nxd4 39. Qxd4+ Be5 40.
Qxd5 Bxc3 41. Qe4 Qa1 42. Kh2 Qxa2 43. Ne2 Qb2 44. Qe3 Bd2 45. Qd3 Qe5+ 46. Kh1
Be3 47. Qa6 b5 48. Qa2 b4 49. Qb1 a5 50. Qd3 Bb6 51. f4 Qe3 52. Qc4 g5 53. fxg5
hxg5 54. Kh2 Qe5+ 55. Kh1 Bc7 56. g3 Qa1+ 57. Kg2 Be5 58. Qg4 Bf6 59. h4 Kh6
60. hxg5+ Bxg5 61. Qf3 Qf6 62. Qe4 Qe6 63. Qd3 f5 64. Nd4 Qe4+ 65. Qxe4 fxe4
66. Nc6 a4 67. Nd4 Bf6 68. Nf5+ Kg6 0-1

[Event "Tradewise Gibraltar AmatWk2"]
[Site "Gibraltar"]
[Date "2016.02.02"]
[Round "4.29"]
[White "Chadwick, Susan E"]
[Black "Oliva Parra, Ernesto"]
[Result "0-1"]
[WhiteElo "1430"]
[BlackElo "1602"]
[PlyCount "72"]
[EventDate "2016.01.30"]
[EventType "swiss"]
[EventRounds "5"]
[EventCountry "GGB"]
[SourceTitle "BritBase"]
[Source "www.saund.co.uk"]
[SourceDate "2018.02.10"]
[SourceVersion "1"]
[SourceVersionDate "2018.02.10"]
[SourceQuality "1"]

1. d4 d5 2. Nf3 Nc6 3. c4 Nf6 4. Nc3 Bf5 5. cxd5 Nxd5 6. e3 a6 7. Qb3 Nb6 8.
Be2 e6 9. a3 Na5 10. Qd1 Be7 11. O-O h6 12. b3 O-O 13. Bb2 Bf6 14. Rc1 Rc8 15.
e4 Bg6 16. e5 Be7 17. Nb1 Qd5 18. Nbd2 c5 19. Nc4 Naxc4 20. bxc4 Qd7 21. Qb3
Na4 22. Ba1 cxd4 23. Bxd4 Nc5 24. Bxc5 Bxc5 25. Rfd1 Qe7 26. Bd3 Bxa3 27. Ra1
Bc5 28. Nd2 Bd4 29. Rab1 Bxe5 30. Bxg6 fxg6 31. Nf3 Bd6 32. Re1 Rb8 33. Nd4 Bc5
34. Rxe6 Qf7 35. Re4 Qxf2+ 36. Kh1 Qf1+ 0-1

[Event "Tradewise Gibraltar AmatWk2"]
[Site "Gibraltar"]
[Date "2016.02.02"]
[Round "4.30"]
[White "Vander Voort, Patrick"]
[Black "Manchado Garrido, Marcos Anton"]
[Result "1-0"]
[WhiteElo "1576"]
[BlackElo "1570"]
[PlyCount "93"]
[EventDate "2016.01.30"]
[EventType "swiss"]
[EventRounds "5"]
[EventCountry "GGB"]
[SourceTitle "BritBase"]
[Source "www.saund.co.uk"]
[SourceDate "2018.02.10"]
[SourceVersion "1"]
[SourceVersionDate "2018.02.10"]
[SourceQuality "1"]

1. d4 e6 2. c4 c5 3. d5 d6 4. Nf3 exd5 5. cxd5 Nf6 6. Nc3 g6 7. e4 Bg7 8. Bf4
Nh5 9. Bg5 Nf6 10. Be2 O-O 11. O-O Bg4 12. h3 Bxf3 13. Bxf3 Qb6 14. Qc2 Nbd7
15. Bf4 Rfe8 16. a4 a6 17. Rfe1 Ne5 18. Bxe5 Rxe5 19. g3 Ree8 20. Bg2 Rac8 21.
f4 Nh5 22. Kh2 Qd8 23. Qb3 Rc7 24. Re2 g5 25. Bf3 gxf4 26. g4 Qh4 27. Rg2 Nf6
28. Qc2 Rce7 29. Rag1 Nd7 30. g5 Ne5 31. Qe2 f6 32. Rg4 Nxg4+ 33. Rxg4 Qh5 34.
gxf6 Qe5 35. fxe7 Rxe7 36. Qg2 Re8 37. Rg5 Qf6 38. h4 Kh8 39. Bh5 Re5 40. Rxe5
Qxe5 41. Qf3 Bf6 42. Kh3 h6 43. Bg4 Bxh4 44. Kxh4 Qg5+ 45. Kh3 Kh7 46. Ne2 h5
47. Bxh5 1-0

[Event "Tradewise Gibraltar AmatWk2"]
[Site "Gibraltar"]
[Date "2016.02.03"]
[Round "5.1"]
[White "Cernuda Orejas, Victor Manuel"]
[Black "Longdin, Michael"]
[Result "1-0"]
[WhiteElo "1899"]
[BlackElo "1813"]
[PlyCount "111"]
[EventDate "2016.01.30"]
[EventType "swiss"]
[EventRounds "5"]
[EventCountry "GGB"]
[SourceTitle "BritBase"]
[Source "www.saund.co.uk"]
[SourceDate "2018.02.10"]
[SourceVersion "1"]
[SourceVersionDate "2018.02.10"]
[SourceQuality "1"]

1. d4 Nf6 2. c4 g6 3. Nc3 Bg7 4. e4 d6 5. Nf3 O-O 6. Bd3 Na6 7. a3 Bg4 8. Be3
e5 9. d5 Nxe4 10. Bxe4 f5 11. h3 fxe4 12. hxg4 exf3 13. gxf3 Qf6 14. Rh3 Nc5
15. Ne4 Nxe4 16. fxe4 Qf7 17. Qe2 c6 18. O-O-O cxd5 19. cxd5 Qc7+ 20. Kb1 Rf7
21. Rdh1 Bf8 22. g5 a6 23. Qg4 Re8 24. Rc1 Qa5 25. Rhh1 b5 26. Rc2 Qa4 27. Rhc1
b4 28. Rc4 a5 29. Qd1 Qxd1 30. Rxd1 bxa3 31. b3 Rb8 32. Ka2 Rfb7 33. Rd3 Be7
34. Rdc3 Rb4 35. Bd2 Rxc4 36. Rxc4 Rf8 37. Be3 Rf3 38. Kxa3 Rh3 39. Ka4 Rh5 40.
Kxa5 Bxg5 41. b4 Bxe3 42. fxe3 Rh3 43. b5 Rxe3 44. b6 Rb3 45. Rb4 Ra3+ 46. Kb5
Ra8 47. b7 Rf8 48. Rc4 Kg7 49. Rc8 Rf1 50. Kc6 Rb1 51. b8=Q Rxb8 52. Rxb8 h5
53. Kxd6 h4 54. Kxe5 h3 55. Kf4 h2 56. Rb1 1-0

[Event "Tradewise Gibraltar AmatWk2"]
[Site "Gibraltar"]
[Date "2016.02.03"]
[Round "5.2"]
[White "Dennis, Nigel W"]
[Black "Gonzalez Pabollet, Jesus Maria"]
[Result "0-1"]
[WhiteElo "1820"]
[BlackElo "1854"]
[PlyCount "98"]
[EventDate "2016.01.30"]
[EventType "swiss"]
[EventRounds "5"]
[EventCountry "GGB"]
[SourceTitle "BritBase"]
[Source "www.saund.co.uk"]
[SourceDate "2018.02.10"]
[SourceVersion "1"]
[SourceVersionDate "2018.02.10"]
[SourceQuality "1"]

1. e4 c5 2. Nf3 d6 3. d4 cxd4 4. Nxd4 Nf6 5. Nc3 a6 6. Be2 e5 7. Nb3 Be6 8. O-O
Be7 9. f4 O-O 10. f5 Bd7 11. Be3 Bc6 12. Bf3 Nbd7 13. Qe2 Rc8 14. Qf2 Nc5 15.
Nxc5 dxc5 16. Rfd1 Qa5 17. Rd2 Qb4 18. Nd5 Bxd5 19. exd5 Bd6 20. c3 Qa5 21. g4
h6 22. h4 c4 23. g5 Nd7 24. gxh6 Kh7 25. hxg7 Rg8 26. Kh1 Rxg7 27. Rg1 Rcg8 28.
Rg5 Rxg5 29. hxg5 Rh8 30. Kg1 Nc5 31. Qh4+ Kg7 32. Qxc4 e4 33. Bd4+ Kg8 34.
Bxh8 exf3 35. b4 Qa3 36. Rc2 Qa4 37. Qd4 Bf8 38. Rf2 Qa3 39. Rxf3 Qc1+ 40. Kh2
Bd6+ 41. Be5 Qc2+ 42. Kh3 Ne4 43. Bxd6 Nxg5+ 44. Kg3 Ne4+ 45. Kf4 Nxd6 46. Rg3+
Kf8 47. Qg7+ Ke8 48. Re3+ Kd7 49. Qg3 Qxf5# 0-1

[Event "Tradewise Gibraltar AmatWk2"]
[Site "Gibraltar"]
[Date "2016.02.03"]
[Round "5.3"]
[White "Sevillano Garcia, Joaquin"]
[Black "Wilson, Matthew R"]
[Result "1-0"]
[WhiteElo "1867"]
[BlackElo "1873"]
[PlyCount "88"]
[EventDate "2016.01.30"]
[EventType "swiss"]
[EventRounds "5"]
[EventCountry "GGB"]
[SourceTitle "BritBase"]
[Source "www.saund.co.uk"]
[SourceDate "2018.02.10"]
[SourceVersion "1"]
[SourceVersionDate "2018.02.10"]
[SourceQuality "1"]

1. d4 Nf6 2. Nf3 e6 3. Bg5 h6 4. Bh4 Be7 5. e3 b6 6. Nbd2 Bb7 7. Bd3 O-O 8. e4
c5 9. c3 d5 10. e5 Ne4 11. Bxe7 Qxe7 12. O-O Nxd2 13. Qxd2 Ba6 14. Bxa6 Nxa6
15. a3 Rac8 16. h3 Nb8 17. Rae1 Nc6 18. Nh2 cxd4 19. cxd4 Na5 20. f4 Qd7 21.
Qf2 Nb3 22. Rd1 Rc4 23. Qe3 Na5 24. g4 Rfc8 25. f5 Qa4 26. f6 Qc2 27. Rd3 g5
28. Nf3 Qxb2 29. Nxg5 Rc2 30. Nf3 Rg2+ 31. Kh1 Rcc2 32. Qf4 Nc4 33. Rfd1 b5 34.
Re1 a5 35. Rdd1 Nxa3 36. Rc1 Rxc1 37. Rxc1 Rc2 38. Rg1 Kh7 39. g5 h5 40. g6+
fxg6 41. f7 Rc8 42. f8=Q Rxf8 43. Qxf8 g5 44. Nxg5+ Kg6 1-0

[Event "Tradewise Gibraltar AmatWk2"]
[Site "Gibraltar"]
[Date "2016.02.03"]
[Round "5.5"]
[White "Odiase, Oluwaseun"]
[Black "Mrabti, Yahya"]
[Result "0-1"]
[WhiteElo "1834"]
[BlackElo "1780"]
[PlyCount "156"]
[EventDate "2016.01.30"]
[EventType "swiss"]
[EventRounds "5"]
[EventCountry "GGB"]
[SourceTitle "BritBase"]
[Source "www.saund.co.uk"]
[SourceDate "2018.02.10"]
[SourceVersion "1"]
[SourceVersionDate "2018.02.10"]
[SourceQuality "1"]

1. g3 c5 2. Bg2 Nc6 3. e4 g6 4. f4 Bg7 5. c3 d6 6. Nf3 e6 7. O-O Nge7 8. Qe2
O-O 9. Rd1 d5 10. d3 d4 11. c4 e5 12. Nbd2 exf4 13. gxf4 Bg4 14. Nf1 Qc7 15. h3
Be6 16. Qf2 Bh6 17. Qh4 Bg7 18. Ng3 f6 19. Rf1 Qd7 20. Bd2 Rab8 21. Rab1 Nb4
22. Bxb4 cxb4 23. Ne2 Nc6 24. Nh2 b5 25. b3 bxc4 26. bxc4 a5 27. f5 Bf7 28.
fxg6 hxg6 29. Ng4 g5 30. Nh6+ Kh7 31. Qg4 Qxg4 32. Nxg4 Bh5 33. Bf3 Bg6 34. Ng3
Ne5 35. Nxe5 fxe5 36. Nf5 Rf6 37. Rf2 Bxf5 38. exf5 Bf8 39. Be4 Kh6 40. Kg2 a4
41. Kg3 b3 42. axb3 Rxb3 43. Rxb3 axb3 44. Rb2 Rb6 45. f6 Ba3 46. Rb1 b2 47. f7
Kg7 48. Bd5 Rb3 49. c5 Rxd3+ 50. Kg4 Rc3 51. c6 Rc5 52. Be4 Kxf7 53. c7 Rxc7
54. Kxg5 Ke6 55. Kg4 Rc1 56. Kf3 Rxb1 57. Bxb1 Kd5 58. Ba2+ Kc5 59. Ke4 Kb4 60.
Bb1 Kc3 61. h4 Be7 62. h5 Bg5 63. Kf5 Bh6 64. Ke4 Bc1 65. Bd3 Bf4 66. Bb1 Kd2
67. h6 Bxh6 68. Kxe5 Bg7+ 69. Ke4 Kc1 70. Bd3 b1=Q 71. Bxb1 Kxb1 72. Kd3 Kb2
73. Kd2 Kb3 74. Kd3 Bf6 75. Kd2 Kc4 76. Kc2 Bg5 77. Kd1 Kd3 78. Ke1 Kc2 0-1

[Event "Tradewise Gibraltar AmatWk2"]
[Site "Gibraltar"]
[Date "2016.02.03"]
[Round "5.6"]
[White "Kuenitz, Klaus"]
[Black "Winter, Kevin"]
[Result "0-1"]
[WhiteElo "1778"]
[BlackElo "1825"]
[PlyCount "82"]
[EventDate "2016.01.30"]
[EventType "swiss"]
[EventRounds "5"]
[EventCountry "GGB"]
[SourceTitle "BritBase"]
[Source "www.saund.co.uk"]
[SourceDate "2018.02.10"]
[SourceVersion "1"]
[SourceVersionDate "2018.02.10"]
[SourceQuality "1"]

1. d4 Nf6 2. c4 e6 3. Nf3 b6 4. Bg5 Be7 5. e3 Bb7 6. Be2 Ne4 7. Bxe7 Qxe7 8.
O-O O-O 9. Nbd2 f5 10. Ne5 d6 11. Nd3 Nd7 12. f3 Nxd2 13. Qxd2 Rf6 14. Rae1 c5
15. Bd1 Rh6 16. Nf4 Nf6 17. Bc2 g5 18. Nh3 Qg7 19. Nf2 Rf8 20. e4 g4 21. fxg4
fxg4 22. g3 e5 23. d5 Rg6 24. Nd1 h5 25. Ne3 Bc8 26. Nf5 Bxf5 27. Rxf5 Qh6 28.
Qf2 Kg7 29. Rf1 Rg5 30. Qe1 Rxf5 31. Rxf5 Nh7 32. Rxf8 Nxf8 33. Kg2 Nh7 34. h4
gxh3+ 35. Kxh3 Ng5+ 36. Kg2 Qg6 37. Qe2 Nf7 38. Kh3 Ng5+ 39. Kh4 Qf6 40. Kxh5
Qh6+ 41. Kg4 Kg6 0-1

[Event "Tradewise Gibraltar AmatWk2"]
[Site "Gibraltar"]
[Date "2016.02.03"]
[Round "5.7"]
[White "Selva Salvador, Antonio"]
[Black "Pilchin, Uri"]
[Result "0-1"]
[WhiteElo "1862"]
[BlackElo "1808"]
[PlyCount "96"]
[EventDate "2016.01.30"]
[EventType "swiss"]
[EventRounds "5"]
[EventCountry "GGB"]
[SourceTitle "BritBase"]
[Source "www.saund.co.uk"]
[SourceDate "2018.02.10"]
[SourceVersion "1"]
[SourceVersionDate "2018.02.10"]
[SourceQuality "1"]

1. d4 Nf6 2. Bg5 Ne4 3. Bh4 c5 4. f3 Qa5+ 5. c3 Nf6 6. dxc5 Qxc5 7. e4 d6 8.
Na3 Nbd7 9. Bf2 Qa5 10. Nb5 a6 11. b4 Qd8 12. Nd4 g6 13. Bc4 Ne5 14. Bb3 Bg7
15. Nge2 Bd7 16. O-O Rc8 17. Rc1 Nc4 18. Bxc4 Rxc4 19. Nb3 b5 20. Na5 Rc8 21.
c4 O-O 22. Qb3 Bh6 23. Rc2 Be6 24. Nd4 Qd7 25. Rd1 Nh5 26. g3 Ng7 27. f4 Bg4
28. Rdd2 e5 29. Ndc6 bxc4 30. Nxc4 Qxc6 31. Nxd6 Qa8 32. Nxc8 Rxc8 33. Rxc8+
Qxc8 34. Qd5 Ne6 35. Bc5 exf4 36. gxf4 Bxf4 37. Rc2 Nxc5 38. bxc5 Bh3 39. Qd3
Qg4+ 40. Kh1 Qh4 41. Qe2 Bg4 42. Qf1 Be5 43. c6 Bh3 44. Qe2 Bg4 45. Qf1 Qh5 46.
c7 Bf3+ 47. Kg1 Qg4+ 48. Rg2 Bd4+ 0-1

[Event "Tradewise Gibraltar AmatWk2"]
[Site "Gibraltar"]
[Date "2016.02.03"]
[Round "5.10"]
[White "Tkadlecek, Petr"]
[Black "Haisma, Henk"]
[Result "1-0"]
[WhiteElo "1754"]
[BlackElo "1850"]
[PlyCount "69"]
[EventDate "2016.01.30"]
[EventType "swiss"]
[EventRounds "5"]
[EventCountry "GGB"]
[SourceTitle "BritBase"]
[Source "www.saund.co.uk"]
[SourceDate "2018.02.10"]
[SourceVersion "1"]
[SourceVersionDate "2018.02.10"]
[SourceQuality "1"]

1. d4 d5 2. Nf3 Bf5 3. Bf4 h6 4. e3 Nf6 5. Ne5 c6 6. Bd3 Bxd3 7. Qxd3 e6 8. Nd2
Qa5 9. O-O Be7 10. c3 O-O 11. b4 Qd8 12. e4 Nbd7 13. Nef3 dxe4 14. Nxe4 Nxe4
15. Qxe4 Nf6 16. Qd3 Nd5 17. Bd2 Bd6 18. Rfe1 Qc7 19. Qe4 Rae8 20. Qh4 f6 21.
Re4 f5 22. Re2 Rf6 23. Ne5 g5 24. Qh5 Re7 25. Rae1 Qc8 26. c4 Nf4 27. Bxf4 gxf4
28. Qh4 Bxe5 29. Rxe5 Qf8 30. Qxf4 Rg7 31. Rxe6 Rxe6 32. Rxe6 Re7 33. Qg3+ Rg7
34. Qe5 Qxb4 35. Re8+ 1-0

[Event "Tradewise Gibraltar AmatWk2"]
[Site "Gibraltar"]
[Date "2016.02.03"]
[Round "5.11"]
[White "D'haluin, Wim"]
[Black "Lapsevskis, Roberts"]
[Result "1-0"]
[WhiteElo "1846"]
[BlackElo "1660"]
[PlyCount "83"]
[EventDate "2016.01.30"]
[EventType "swiss"]
[EventRounds "5"]
[EventCountry "GGB"]
[SourceTitle "BritBase"]
[Source "www.saund.co.uk"]
[SourceDate "2018.02.10"]
[SourceVersion "1"]
[SourceVersionDate "2018.02.10"]
[SourceQuality "1"]

1. d4 d5 2. Nf3 Nf6 3. Bf4 e6 4. e3 Be7 5. c4 O-O 6. Nc3 b6 7. Rc1 Ne4 8. a3 c6
9. Bd3 Nxc3 10. Rxc3 Bd6 11. Bxd6 Qxd6 12. O-O Nd7 13. Re1 f5 14. Bb1 Nf6 15.
cxd5 cxd5 16. Ne5 Bb7 17. Qa4 Ng4 18. Nf3 e5 19. dxe5 Nxe5 20. Nd4 g6 21. Ba2
a6 22. Rd1 Rac8 23. Ne2 Kg7 24. Qd4 Kh6 25. Bxd5 Bxd5 26. Qxd5 Qf6 27. g3 Rcd8
28. Qb3 Rxd1+ 29. Qxd1 Rd8 30. Nd4 Nc6 31. Rxc6 Qxc6 32. Nxf5+ gxf5 33. Qxd8
Qc1+ 34. Kg2 Qxb2 35. h4 Kg6 36. Qg5+ Kf7 37. Qxf5+ Ke8 38. Qc8+ Ke7 39. Qxa6
Kd6 40. Qd3+ Kc5 41. Qxh7 Qxa3 42. Qe7+ 1-0

[Event "Tradewise Gibraltar AmatWk2"]
[Site "Gibraltar"]
[Date "2016.02.03"]
[Round "5.12"]
[White "Lopez Valcarcel, Juan"]
[Black "Murray, J Stephen"]
[Result "1-0"]
[WhiteElo "1798"]
[BlackElo "1821"]
[PlyCount "57"]
[EventDate "2016.01.30"]
[EventType "swiss"]
[EventRounds "5"]
[EventCountry "GGB"]
[SourceTitle "BritBase"]
[Source "www.saund.co.uk"]
[SourceDate "2018.02.10"]
[SourceVersion "1"]
[SourceVersionDate "2018.02.10"]
[SourceQuality "1"]

1. d4 Nf6 2. c4 d5 3. e3 e6 4. Nc3 Be7 5. Bd3 O-O 6. Nf3 Nbd7 7. O-O c5 8. Bd2
b6 9. cxd5 Nxd5 10. e4 Nxc3 11. bxc3 Bb7 12. Qe2 Qc7 13. Rfe1 Rfe8 14. Rac1
Rac8 15. Ng5 Nf8 16. Qg4 Qd8 17. e5 cxd4 18. cxd4 Rxc1 19. Rxc1 Ng6 20. h4 Bxg5
21. Bxg5 Qd7 22. Bb1 Rc8 23. Rd1 Qd5 24. h5 Nf8 25. Bf6 g6 26. f3 Nd7 27. hxg6
hxg6 28. Bxg6 Nxf6 29. exf6 1-0

[Event "Tradewise Gibraltar AmatWk2"]
[Site "Gibraltar"]
[Date "2016.02.03"]
[Round "5.15"]
[White "Naldrett, Geoffrey William"]
[Black "Boabaid, Jorge Alberto Duard"]
[Result "0-1"]
[WhiteElo "1602"]
[BlackElo "1895"]
[PlyCount "62"]
[EventDate "2016.01.30"]
[EventType "swiss"]
[EventRounds "5"]
[EventCountry "GGB"]
[SourceTitle "BritBase"]
[Source "www.saund.co.uk"]
[SourceDate "2018.02.10"]
[SourceVersion "1"]
[SourceVersionDate "2018.02.10"]
[SourceQuality "1"]

1. c4 Nf6 2. Nc3 e6 3. g3 c5 4. Bg2 Nc6 5. Nf3 d5 6. cxd5 exd5 7. d4 Be7 8. O-O
O-O 9. a3 Re8 10. e3 c4 11. Nd2 Bg4 12. Qc2 Qd7 13. b4 cxb3 14. Nxb3 b6 15. Re1
Rac8 16. Qd2 Bf8 17. Bb2 Bf5 18. Nxd5 Nxd5 19. e4 Bg6 20. exd5 Ne7 21. Re2 Rc2
22. Qe3 Rxe2 23. Qxe2 Nxd5 24. Qc4 Be4 25. Nd2 Bxg2 26. Kxg2 Rd8 27. Qd3 Qg4
28. Kh1 Qh3 29. Qe4 Nf6 30. Qd3 Ng4 31. Nf3 Nxf2+ 0-1